[Event "Heusenstamm Schloss op"]
[Site "Heusenstamm"]
[Date "2023.11.26"]
[Round "7"]
[White "Lee, Kwan Ho Matthew"]
[Black "Koepke, Carolina"]
[Result "1/2-1/2"]
[WhiteElo "1587"]
[BlackElo "1482"]
[PlyCount "35"]
[EventDate "2023.11.23"]
[EventType "swiss"]
[EventRounds "7"]
[EventCountry "GER"]
[SourceTitle "CB50_2023"]
[SourceDate "2023.12.13"]
[SourceVersion "1"]
[SourceVersionDate "2023.12.13"]
[SourceQuality "1"]

1. Nf3 d5 2. g3 Nf6 3. Bg2 c5 4. d3 Nc6 5. 0-0 b6 6. Nbd2 Bb7 7. e4 dxe4 8. Nxe4 Nxe4 9. dxe4 e6 10. Qe2 Be7 11. Rd1 Qc8 12. c3 0-0 13. Bf4 Rd8 14. h4 h5 15. e5 Qc7 16. Ng5 Rxd1+ 17. Rxd1 Rd8 18. Rxd8+ 1/2-1/2

[Event "GER-ch U18 Girls"]
[Site "Willingen"]
[Date "2020.10.22"]
[Round "4"]
[White "Koepke, Carolina"]
[Black "Minneken, Swantje"]
[Result "0-1"]
[WhiteElo "1486"]
[BlackElo "1322"]
[PlyCount "74"]
[EventDate "2020.10.19"]
[EventType "swiss"]
[EventRounds "7"]
[EventCountry "GER"]
[SourceTitle "EXT 2022"]
[Source "ChessBase"]
[SourceDate "2021.10.06"]
[SourceVersion "1"]
[SourceVersionDate "2021.10.06"]
[SourceQuality "1"]

1. d4 c6 2. Nf3 d5 3. Bf4 Bf5 4. e3 Nf6 5. c4 e6 6. Nc3 Bd6 7. Bg3 h6 8. Qb3 Bxg3 9. hxg3 Qc7 10. cxd5 exd5 11. Rc1 Qe7 12. Ne5 0-0 13. Be2 Na6 14. Bxa6 bxa6 15. Nxc6 Qd6 16. Ne5 Rab8 17. Qa3 Qxa3 18. bxa3 Rfc8 19. 0-0 Rb7 20. Na4 Rxc1 21. Rxc1 Rb1 22. Rxb1 Bxb1 23. Nc3 Bf5 24. Nc6 Kf8 25. Nxa7 Bd7 26. e4 dxe4 27. d5 h5 28. Kf1 Ke7 29. Nc6+ Bxc6 30. dxc6 Kd6 31. Ke2 Kxc6 32. Ke3 Nd5+ 33. Kd2 Nxc3 34. Kxc3 Kc5 35. a4 a5 36. a3 f5 37. Kd2 Kd4 0-1

[Event "DSOL 06 Liga Gr-A 1st"]
[Site "Playchess.com INT"]
[Date "2020.06.22"]
[Round "1.2"]
[White "Marschall, Andreas"]
[Black "Koepke, Carolina"]
[Result "1-0"]
[WhiteElo "1748"]
[BlackElo "1650"]
[PlyCount "45"]
[EventDate "2020.06.22"]
[EventType "team-tourn (rapid)"]
[EventCountry "GER"]
[SourceTitle "EXT 2021"]
[Source "ChessBase"]
[SourceDate "2020.10.23"]
[SourceVersion "1"]
[SourceVersionDate "2020.10.23"]
[SourceQuality "1"]
[WhiteTeam "Berlin Eintracht"]
[BlackTeam "Oberursel II"]
[WhiteTeamCountry "GER"]
[BlackTeamCountry "GER"]

1. d4 d5 2. Bf4 Nf6 3. e3 e6 4. c3 c5 5. Nd2 Nc6 6. Ngf3 Bd6 7. Bg3 0-0 8. Bd3 b6 9. Qe2 Bb7 10. Rd1 Re8 11. e4 Be7 12. e5 Nh5 13. a3 a5 14. Nf1 c4 15. Bb1 g6 16. Ne3 Ba6 17. Ng4 b5 18. Qe3 b4 19. Bf4 Nxf4 20. Qxf4 Rf8 21. h4 h5 22. Qh6 hxg4 23. Ng5 1-0

[Event "Bad Soden op U18"]
[Site "Bad Soden"]
[Date "2019.10.05"]
[Round "5"]
[White "Klein, Dennis"]
[Black "Koepke, Carolina"]
[Result "1/2-1/2"]
[WhiteElo "1119"]
[BlackElo "1453"]
[PlyCount "34"]
[EventDate "2019.10.03"]
[EventType "swiss"]
[EventRounds "9"]
[EventCountry "GER"]
[SourceTitle "EXT 2020"]
[Source "ChessBase"]
[SourceDate "2019.10.17"]
[SourceVersion "1"]
[SourceVersionDate "2019.10.17"]
[SourceQuality "1"]

1. d4 d5 2. Bf4 Nf6 3. e3 c5 4. c3 Qb6 5. Qc2 Nc6 6. Nd2 e6 7. Ngf3 Qd8 8. Qd1 c4 9. b3 b5 10. Ne5 Nxe5 11. Bxe5 Bd6 12. Bg3 0-0 13. e4 Bxg3 14. hxg3 Re8 15. e5 Nd7 16. f4 f6 17. Qc2 Nf8 1/2-1/2

[Event "Bad Soden sim2"]
[Site "Bad Soden"]
[Date "2019.10.03"]
[Round "1.38"]
[White "Keymer, Vincent"]
[Black "Koepke, Carolina"]
[Result "1/2-1/2"]
[WhiteElo "2506"]
[BlackElo "1453"]
[PlyCount "74"]
[EventDate "2019.10.03"]
[EventType "simul"]
[EventRounds "1"]
[EventCountry "GER"]
[SourceTitle "EXT 2021"]
[Source "ChessBase"]
[SourceDate "2020.10.23"]
[SourceVersion "1"]
[SourceVersionDate "2020.10.23"]
[SourceQuality "1"]

1. c4 c5 2. Nf3 Nf6 3. Nc3 Nc6 4. g3 b6 5. Bg2 Bb7 6. 0-0 g6 7. d4 cxd4 8. Nxd4 Bg7 9. b3 0-0 10. Bb2 Qb8 11. Nd5 Nxd5 12. cxd5 Nxd4 13. Bxd4 Qd6 14. Bxg7 Kxg7 15. Qd4+ Kg8 16. e4 e5 17. Qd2 Rac8 18. Rfc1 Rxc1+ 19. Rxc1 Rc8 20. Rxc8+ Bxc8 21. Qc3 Ba6 22. h4 h5 23. b4 Qb8 24. a3 f6 25. Qf3 Kf7 26. g4 Qh8 27. Bh3 hxg4 28. Qxg4 Bb5 29. Kg2 Qh5 30. Qxh5 gxh5 31. Kf3 d6 32. Ke3 Ke7 33. f4 Bd7 34. Bf1 b5 35. Be2 Be8 36. Bd3 a6 37. Be2 Kd8 1/2-1/2

[Event "Wiesbaden op 31st"]
[Site "Wiesbaden"]
[Date "2019.08.25"]
[Round "6"]
[White "Koepke, Carolina"]
[Black "Kuenne, Lutz Dieter"]
[Result "1-0"]
[WhiteElo "1316"]
[BlackElo "1546"]
[PlyCount "111"]
[EventDate "2019.08.22"]
[EventType "swiss"]
[EventRounds "7"]
[EventCountry "GER"]
[SourceTitle "EXT 2020"]
[Source "ChessBase"]
[SourceDate "2019.10.17"]
[SourceVersion "1"]
[SourceVersionDate "2019.10.17"]
[SourceQuality "1"]

1. d4 Nf6 2. Nf3 d5 3. c4 c6 4. Nc3 Bf5 5. Bf4 e6 6. a3 Nbd7 7. e3 Ne4 8. Nxe4 dxe4 9. Nd2 Nf6 10. Be2 Bd6 11. Bxd6 Qxd6 12. c5 Qc7 13. Nc4 Bg6 14. Nd6+ Ke7 15. 0-0 b5 16. f3 exf3 17. Bxf3 Rad8 18. Qb3 Ne8 19. Ne4 Bxe4 20. Bxe4 Nf6 21. Bf3 h5 22. a4 Rb8 23. Ra2 a5 24. axb5 Rxb5 25. Qc3 Nd5 26. Bxd5 exd5 27. Rfa1 Rhb8 28. Rb1 Rb3 29. Qxa5 Qxa5 30. Rxa5 Rxe3 31. Ra7+ Kf8 32. Rc7 Re6 33. Rf1 f6 34. Rf2 Rb4 35. Rd2 Ra4 36. Kf2 Ra6 37. b4 Ra3 38. Rb7 Ra6 39. Re2 Rxe2+ 40. Kxe2 Ra2+ 41. Kf3 Rd2 42. Ke3 Rxg2 43. Rc7 Rb2 44. Rxc6 Rxb4 45. Rb6 Rc4 46. Rd6 Ke7 47. Rxd5 g6 48. Kf4 Rc2 49. h4 Rc3 50. Rd6 Rc4 51. Ke4 Ra4 52. Kd5 Ra8 53. Re6+ Kf7 54. c6 Re8 55. Rd6 f5 56. c7 1-0

[Event "Wiesbaden op 31st"]
[Site "Wiesbaden"]
[Date "2019.08.24"]
[Round "4"]
[White "Koepke, Carolina"]
[Black "Kuenitz, Klaus"]
[Result "1/2-1/2"]
[WhiteElo "1316"]
[BlackElo "1787"]
[PlyCount "60"]
[EventDate "2019.08.22"]
[EventType "swiss"]
[EventRounds "7"]
[EventCountry "GER"]
[SourceTitle "EXT 2020"]
[Source "ChessBase"]
[SourceDate "2019.10.17"]
[SourceVersion "1"]
[SourceVersionDate "2019.10.17"]
[SourceQuality "1"]

1. d4 f5 2. Nf3 d5 3. c4 c6 4. Nc3 e6 5. Bg5 Be7 6. Bxe7 Qxe7 7. e3 Nf6 8. cxd5 exd5 9. Bd3 0-0 10. 0-0 Ne4 11. Ne2 Be6 12. Nf4 Nd7 13. Nd2 Ndf6 14. Nxe4 fxe4 15. Be2 Rae8 16. Qb3 Bc8 17. Rae1 Qf7 18. Bd1 g5 19. Ne2 h5 20. f3 exf3 21. Rxf3 Qg7 22. Bc2 Kh8 23. Ref1 Ng4 24. h3 Nf6 25. Qd3 Ne4 26. Ng3 Rxf3 27. Rxf3 h4 28. Ne2 Rf8 29. Rf1 Rxf1+ 30. Kxf1 Qf6+ 1/2-1/2

[Event "Wiesbaden op 31st"]
[Site "Wiesbaden"]
[Date "2019.08.23"]
[Round "2"]
[White "Koepke, Carolina"]
[Black "Michalski, Uwe"]
[Result "0-1"]
[WhiteElo "1316"]
[BlackElo "1730"]
[PlyCount "92"]
[EventDate "2019.08.22"]
[EventType "swiss"]
[EventRounds "7"]
[EventCountry "GER"]
[SourceTitle "EXT 2020"]
[Source "ChessBase"]
[SourceDate "2019.10.17"]
[SourceVersion "1"]
[SourceVersionDate "2019.10.17"]
[SourceQuality "1"]

1. e4 c5 2. Nc3 Nc6 3. Bc4 e6 4. d3 g6 5. Nge2 Bg7 6. h4 h5 7. Bg5 Nge7 8. Qd2 a6 9. a4 b6 10. 0-0 Bb7 11. Rfd1 d6 12. Qf4 0-0 13. Bf6 Qd7 14. Bxg7 Kxg7 15. Qg3 d5 16. exd5 exd5 17. Bb3 Nf5 18. Qg5 f6 19. Qf4 Ne5 20. d4 Ng4 21. dxc5 Nxh4 22. f3 g5 23. Qd6 Qxd6 24. cxd6 Ne3 25. Rd3 Nhxg2 26. Kf2 Rfe8 27. Rg1 Rad8 28. Nd4 Kg6 29. Rxg2 Nxg2 30. Kxg2 Rxd6 31. Kf2 f5 32. Nde2 Red8 33. Rd4 h4 34. Kg2 Kf6 35. Kh3 f4 36. Kg2 Re8 37. Kf2 h3 38. Ne4+ dxe4 39. Rxd6+ Ke5 40. Rh6 exf3 41. Ng1 g4 42. Kf1 Ke4 43. Rh4 Ke3 44. Nxh3 gxh3 45. Rxh3 Rd8 46. Ke1 Rd2 0-1

[Event "Rhein Main op-B 22nd"]
[Site "Bad Homburg"]
[Date "2019.06.23"]
[Round "7"]
[White "Koepke, Carolina"]
[Black "Sadri, Adrian"]
[Result "1-0"]
[WhiteElo "1424"]
[BlackElo "911"]
[PlyCount "99"]
[EventDate "2019.06.19"]
[EventType "swiss"]
[EventRounds "7"]
[EventCountry "GER"]
[SourceTitle "EXT 2020"]
[Source "ChessBase"]
[SourceDate "2019.10.17"]
[SourceVersion "1"]
[SourceVersionDate "2019.10.17"]
[SourceQuality "1"]

1. d4 c5 2. e4 e6 3. Nc3 Nc6 4. Nge2 cxd4 5. Nxd4 Bc5 6. Be3 Qb6 7. Nxc6 dxc6 8. Bxc5 Qxc5 9. Qg4 g6 10. Qg3 Qb6 11. 0-0-0 Ne7 12. Qd6 c5 13. Bb5+ Nc6 14. Qe5 0-0 15. Bxc6 Qxc6 16. Rd6 Qc7 17. Rhd1 b6 18. Nb5 Qe7 19. R6d3 Ba6 20. Rd7 Qh4 21. Nc7 Bc8 22. Nxa8 Bxd7 23. Rxd7 Rxa8 24. f3 Qe1+ 25. Rd1 Qe3+ 26. Kb1 Qe2 27. Rg1 Rd8 28. b3 Rd1+ 29. Rxd1 Qxd1+ 30. Kb2 Qd2 31. Qb8+ Kg7 32. Qxa7 Qxg2 33. Qxb6 Qxf3 34. Qxc5 Qxe4 35. a4 f5 36. a5 f4 37. a6 f3 38. Qe7+ Kh6 39. Qf8+ Kh5 40. a7 f2 41. Qxf2 Qe5+ 42. Kc1 Qa1+ 43. Kd2 Qa5+ 44. Kd3 Qa6+ 45. Kc3 Qa5+ 46. Kb2 Qe5+ 47. Kb1 Qa5 48. Qf3+ Kh6 49. a8Q Qxa8 50. Qxa8 1-0

[Event "Rhein Main op-B 22nd"]
[Site "Bad Homburg"]
[Date "2019.06.21"]
[Round "4"]
[White "Moldenhauer, Nils"]
[Black "Koepke, Carolina"]
[Result "1-0"]
[WhiteElo "1018"]
[BlackElo "1424"]
[PlyCount "113"]
[EventDate "2019.06.19"]
[EventType "swiss"]
[EventRounds "7"]
[EventCountry "GER"]
[SourceTitle "EXT 2020"]
[Source "ChessBase"]
[SourceDate "2019.10.17"]
[SourceVersion "1"]
[SourceVersionDate "2019.10.17"]
[SourceQuality "1"]

1. e4 e5 2. Nf3 Nc6 3. Bc4 Bc5 4. c3 Qf6 5. d3 h6 6. 0-0 d6 7. Nbd2 Nge7 8. Re1 Ng6 9. a4 a5 10. h3 Be6 11. Bb3 0-0 12. Nf1 Nh4 13. Ba2 Nxf3+ 14. Qxf3 Qxf3 15. gxf3 Bxh3 16. Ne3 Kh8 17. Nd5 Rac8 18. Be3 Bxe3 19. fxe3 Be6 20. f4 Bxd5 21. Bxd5 f5 22. exf5 Rce8 23. fxe5 Rxf5 24. Bxc6 bxc6 25. exd6 cxd6 26. e4 Rfe5 27. Re2 d5 28. Rae1 dxe4 29. dxe4 g5 30. Kg2 Kg7 31. Kf3 Rf8+ 32. Ke3 Rf4 33. Kd4 Kf6 34. Rh1 Rh4 35. Rf1+ Ke6 36. Rf8 Rd5+ 37. Kc4 Kd6 38. b4 Ke5 39. Re8+ Kf6 40. Rc8 Rd6 41. Kc5 Ke6 42. Rxc6 Rxc6+ 43. Kxc6 axb4 44. cxb4 Rf4 45. b5 Rf8 46. b6 Rc8+ 47. Kb7 Rc5 48. Ra2 Ra5 49. Kc7 Rc5+ 50. Kd8 g4 51. b7 Rg5 52. b8Q Rg8+ 53. Kc7 Rxb8 54. Kxb8 Ke5 55. a5 Kxe4 56. a6 Kf3 57. a7 1-0